International directory of finance / (Record no. 347172)
[ view plain ]
| 000 -LEADER | |
|---|---|
| fixed length control field | 00563 a2200169 4500 |
| 020 ## - INTERNATIONAL STANDARD BOOK NUMBER | |
| International Standard Book Number | 1861971184 (hardcover) |
| 020 ## - INTERNATIONAL STANDARD BOOK NUMBER | |
| International Standard Book Number | 9781861971180 (hardcover) |
| 090 ## - LOCALLY ASSIGNED LC-TYPE CALL NUMBER (OCLC); LOCAL CALL NUMBER (RLIN) | |
| -- | 4740 |
| -- | 4740 |
| 100 1# - MAIN ENTRY--PERSONAL NAME | |
| Personal name | BANNOCK, WILLIAM MANSER GRAHAM. |
| 245 10 - TITLE STATEMENT | |
| Title | International directory of finance / |
| Statement of responsibility, etc. | WILLIAM MANSER GRAHAM BANNOCK. |
| 250 ## - EDITION STATEMENT | |
| Edition statement | 3Rev Ed ed. |
| 260 ## - PUBLICATION, DISTRIBUTION, ETC. | |
| Place of publication, distribution, etc. | [S.l.] : |
| Name of publisher, distributor, etc. | ECONOMIST BOOKS, |
| Date of publication, distribution, etc. | 1999. |
| 300 ## - PHYSICAL DESCRIPTION | |
| Extent | 289 p. ; |
| Dimensions | 22 cm. |
| 500 ## - GENERAL NOTE | |
| General note | Import. |
| 856 40 - ELECTRONIC LOCATION AND ACCESS | |
| Materials specified | Amazon.com |
| Uniform Resource Identifier | <a href="http://www.amazon.com/exec/obidos/ASIN/1861971184/chopaconline-20">http://www.amazon.com/exec/obidos/ASIN/1861971184/chopaconline-20</a> |
| 942 ## - ADDED ENTRY ELEMENTS (KOHA) | |
| Institution code [OBSOLETE] | NBS |
| Koha item type | Book |
| Call number prefix | 332.03 BAN |
| Withdrawn status | Lost status | Damaged status | Not for loan | Permanent Location | Current Location | Date acquired | Total Checkouts | Full call number | Barcode | Date last seen | Date last checked out | Price effective from | Koha item type |
|---|---|---|---|---|---|---|---|---|---|---|---|---|---|
| Central Library (CL) | Central Library (CL) | 08/28/2013 | 1 | 332.03 BAN | NBS4497 | 07/02/2015 | 06/20/2014 | 08/28/2013 | Reference |
